00825nab a2200229 uc450000100070000000500170000700800410002403500110006503500210007604000130009704100080011010000340011824501260015265000400027865000480031865000390036665000290040565000320043477301000046694200100056699900190057680696220240201185143.0030423s2002 spa  a806962 a(OCoLC)820023738 ccomduadb aspa10aCreis, Alex4auteaut937137110aNuevos planteamientos en cuanto a los derechos de autor en internet : opciones de financiacion para los proyectos net.art aDerechos de autor - Internet971229 aInnovaciones tecnológicas en arte9102477 aFinanciación de proyectos951010 aMercado del arte9175093 aInternet y comercio91085680 tArte, Individuo y Sociedad (Madrid)gVol. 14, Ene.-Dic. 2002, p. 151-157w9190x1131-559804817 cARIMP c277446d277446